Qui déclara la guerre? - 1ère guerre mondiale. - Statistiques

Statistiques générales
  • Ce quiz a été pris 18 fois
  • Le résultat moyen est 5 sur 10
Statistiques - réponses
Question Réponse % Correct
Du Royaume-Uni et l'Allemagne qui a déclaré la guerre à l'autre le 4 août 1914? Royaume-Uni
94%
De l'Autriche-Hongrie et la Serbie qui a déclaré la guerre à l'autre le 28 juillet 1914? Autriche-Hongrie
82%
De l'Allemagne et la Russie qui a déclaré la guerre à l'autre le 1er août 1914? Allemagne
65%
Du Japon et l'Allemagne qui a déclaré la guerre à l'autre le 23 août 1914? Japon
65%
Du Royaume-Uni et l'Autriche-Hongrie qui a déclaré la guerre à l'autre le 13 août 1914? Royaume-Uni
65%
De l'Allemagne et la France qui a déclaré la guerre à l'autre le 3 août 1914? Allemagne
59%
Du Royaume-Uni et l'Empire ottoman qui a déclaré la guerre à l'autre le 3 novembre 1914? Royaume-Uni
47%
De la France et l'Autriche-Hongrie qui a déclaré la guerre à l'autre le 11 août 1914? France
41%
De la Russie et l'Autriche-Hongrie qui a déclaré la guerre à l'autre le 6 août 1914? Autriche-Hongrie
18%
De la France et l'Empire ottoman qui a déclaré la guerre à l'autre le 3 novembre 1914? France
12%
Aucun quiz correspondant
Distribution des résultats
% des personnes avec chaque résultat
Percentile par nombre de réponses
Votre historique - résultats
Vous n’avez pas pris ce quiz